Chemical reaction engineering (Record no. 18666)

000 -LEADER
fixed length control field 00567nam a22001931 4500
001 - CONTROL NUMBER
control field 18666
003 - CONTROL NUMBER IDENTIFIER
control field BD-DhUET
008 - FIXED-LENGTH DATA ELEMENTS--GENERAL INFORMATION
fixed length control field 840403s1962 nyua b 000 0 eng c
040 ## - CATALOGING SOURCE
Original cataloging agency DLC/ICU
Transcribing agency DLC
Modifying agency BD-DhUET
082 0# - DEWEY DECIMAL CLASSIFICATION NUMBER
Classification number 660.299
Item number LEV/1964
100 ## - MAIN ENTRY--PERSONAL NAME
Personal name Levenspiel, Octave
245 10 - TITLE STATEMENT
Title Chemical reaction engineering
Remainder of title an introduction to the design of chemical reactors
250 ## - EDITION STATEMENT
Edition statement 1st ed.
260 ## - PUBLICATION, DISTRIBUTION, ETC. (IMPRINT)
Place of publication, distribution, etc. New York
Name of publisher, distributor, etc. John Wiley & Sons
Date of publication, distribution, etc. 1962
300 ## - PHYSICAL DESCRIPTION
Extent xv, 501 p.
Other physical details illus.
Dimensions 24 cm.
504 ## - BIBLIOGRAPHY, ETC. NOTE
Bibliography, etc Includes bibliographies
650 #0 - SUBJECT ADDED ENTRY--TOPICAL TERM
Topical term or geographic name as entry element Chemical engineering
942 ## - ADDED ENTRY ELEMENTS (KOHA)
Koha item type General Book
Holdings
Not for loan Lost status Date acquired Koha issues (times borrowed) Source of classification or shelving scheme Piece designation (barcode) Location (home branch) Koha normalized classification for sorting Copy number Koha item type Koha date last borrowed Koha date last seen Sublocation or collection (holding branch) Price effective from Koha full call number Withdrawn status Damaged status Shelving location
  2015-03-31  17501Central Library, BUET660_299000000000000_LEV_19671General Book 2015-03-31Central Library, BUET2015-03-31660.299/LEV/1967  Circulation section
  2015-03-31  17821Central Library, BUET660_299000000000000_LEV_19672General Book 2015-03-31Central Library, BUET2015-03-31660.299/LEV/1967  Circulation section
  2015-03-31  17822Central Library, BUET660_299000000000000_LEV_19673General Book 2015-03-31Central Library, BUET2015-03-31660.299/LEV/1967  Circulation section
  2015-03-31  4402Central Library, BUET660_299000000000000_LEV_19674General Book 2015-03-31Central Library, BUET2015-03-31660.299/LEV/1967  Circulation section
  2015-03-31  20932Central Library, BUET660_299000000000000_LEV_19675General Book 2015-03-31Central Library, BUET2015-03-31660.299/LEV/1967  Circulation section
  2015-04-011 17502Central Library, BUET660_299000000000000_LEV_19646General Book2023-12-052023-12-18Central Library, BUET2015-04-01660.299/LEV/1964  Circulation section
  2015-04-011 12542Central Library, BUET660_299000000000000_LEV_19647General Book2019-05-052020-01-25Central Library, BUET2015-04-01660.299/LEV/1964  Circulation section
  2015-06-18  36300Central Library, BUET660_299000000000000_LEV_19648Reading Item 2015-06-18Central Library, BUET2015-06-18660.299/LEV/1964  Reading section